000
00341nam a22001577a 4500
003
SGT
020
_a
9788198109484
082
_a
617.7
_b
O25M
100
_a
MITTAL, SANJEEV K.
245
_a
TB. OF OPHTHALMOLOGY
250
_a
2ND
260
_a
INDIA
_b
THIEME PUB
_c
2025
300
_a
886
650
_a
OPHTHALMOLOGY
942
_2
ddc
_c
BK
999
_c
30598
_d
30598